| 000 | 00545nam a2200205Ia 4500 | ||
|---|---|---|---|
| 005 | 20260429111840.0 | ||
| 008 | 260429s9999||||xx |||||||||||||| ||und|| | ||
| 020 | _a9789349830899 | ||
| 041 | _aEnglish | ||
| 082 |
_a006.31 _bVER |
||
| 100 | _aVerma, Sanjay | ||
| 245 | 0 |
_aData science and machine learning / _cSanjay Verma |
|
| 250 | _a1st ed. | ||
| 260 |
_aNew Delhi : _bAne Books, _c2025. |
||
| 300 | _avii, 294 p.; hb | ||
| 650 | _a Artificial intelligence | ||
| 650 | _a Machine learning | ||
| 650 | _aData science | ||
| 942 | _cTB | ||
| 999 |
_c51141 _d51141 |
||